|
|
|
|
| LEADER |
01280nam a2200253 a 4500 |
| 001 |
GR-MES12077 |
| 003 |
GR-PaULI |
| 005 |
20240222110104.0 |
| 008 |
070425s2006 gr a b 001 0 eng d |
| 020 |
|
|
|a 1591407028
|q
|
| 020 |
|
|
|a 1591407036
|q
|
| 040 |
|
|
|a GrPaTEI
|b gre
|c GR-PaULI
|e AACR2
|
| 082 |
0 |
4 |
|a 658.056 3
|2 23
|
| 245 |
0 |
0 |
|a Business applications and computational intelligence /
|c Kevin E. Voges, Nigel K. LI. Pope, [editors].
|
| 260 |
|
|
|a Hershey ;
|a London :
|b Idea Group Pub.,
|c 2006.
|
| 300 |
|
|
|a xiii, 481 σ. :
|b εικ. ;
|c 26 εκ.
|
| 504 |
|
|
|a Περιλαμβάνει βιβλιογραφίες και ευρετήριο.
|
| 650 |
|
4 |
|a Υπολογιστική νοημοσύνη
|9 22539
|
| 700 |
1 |
|
|a Pope, Nigel
|9 202166
|e επιμελητής.
|
| 700 |
1 |
|
|a Voges, Kevin E.,
|9 202165
|d 1952-
|e επιμελητής.
|
| 942 |
|
|
|2 ddc
|c BK
|
| 952 |
|
|
|0 0
|1 0
|2 ddc
|4 0
|6 658_056000000000000_3_VOG
|7 0
|9 270769
|a MSLG
|b MSLG
|c BSC
|d 2021-01-17
|e 24
|f 0
|g 0.00
|l 0
|o 658.056 3 VOG
|p 2420000020894
|r 2021-01-17 00:00:00
|t 1
|w 2021-01-17
|y BK15
|x 20070425 0 ΜΑΤΣΙΩΡΗ 1
|x GrPaTEI
|
| 952 |
|
|
|0 0
|1 0
|2 ddc
|4 0
|6 658_056300000000000_BUS
|7 0
|9 270770
|a LISP
|b LISP
|c BSC
|d 2021-01-17
|e
|f
|i 43333
|l 0
|o 658.0563 BUS
|p 025000307646
|r 0000-00-00 00:00:00
|t 2
|w 0000-00-00
|y BK15
|x
|x
|
| 999 |
|
|
|c 156426
|d 156426
|